the Animatronics (FNAFs Games) - Statistics

General Stats
  • This quiz has been taken 448 times
  • The average score is 38 of 64
Answer Stats
GAMES animatronics % Correct
FNAF Freddy
100%
FNAF Chica
99%
FNAF Foxy
98%
FNAF Bonnie
97%
FNAF Golden Freddy
95%
FNAF 2 Toy Bonnie
92%
FNAF 2 Toy Chica
92%
FNAF 2 Toy Freddy
92%
FNAF 2 Mangle
90%
FNAF 2 Puppet
90%
FNAF 2 Balloon Boy
86%
FNAF 3 Springtrap
86%
FNAF 4 Nightmare
85%
FNAF 4 Nightmare Freddy
82%
FNAF 4 Nightmare Bonnie
81%
FNAF 4 Nightmare Chica
80%
FNAF 4 Nightmare Foxy
77%
FNAF 3 Phantom Freddy
73%
FNAF 3 Phantom Chica
72%
FNAF SL Ballora
71%
FNAF SL Funtime Foxy
70%
FNAF 3 Phantom Foxy
70%
FNAF 2 Withered Bonnie
70%
FNAF 2 Withered Chica
70%
FNAF 2 Withered Freddy
70%
FNAF SL Funtime Freddy
68%
FNAF 2 Withered Foxy
68%
FNAF 2 Shadow Bonnie
65%
FNAF SL Baby
64%
FNAF 3 Phantom Puppet
64%
FNAF 2 Shadow Freddy
63%
FNAF 3 Phantom Balloon boy
61%
FNAF 3 Phantom Mangle
59%
FNAF 4 Nightmare Mangle
58%
FNAF 4 Nightmare Fredbear
57%
FNAF SL Ennard
56%
FNAF 4 Nightmare Balloon Boy
56%
FNAF 4 Nightmare Puppet
55%
FNAF 4 Plushtrap
54%
FNAF 2 Withered Golden Freddy
54%
FNAF SL Bon Bon
49%
FNAF PS Lefty
48%
FNAF PS Rockstar Bonnie
43%
FNAF PS Rockstar Freddy
43%
other Fredbear
42%
FNAF PS Rockstar Chica
42%
FNAF PS Rockstar Foxy
42%
FNAF PS Scrap Baby
42%
FNAF 2 Balloon Girl
41%
FNAF PS Scrap Trap
41%
FNAF PS Funtime Chica
40%
FNAF PS Mr Hippo
37%
FNAF PS Molten Freddy
35%
other Spring Bonnie
32%
FNAF 4 Nightmare cupcake
31%
FNAF PS Happy Frog
29%
FNAF SL Lolbit
29%
FNAF PS Orville Elephant
27%
FNAF PS Music Man
26%
FNAF PS Helpy
25%
FNAF PS Nedd Bear
25%
FNAF PS Pigpatch
25%
FNAF PS El Chip
24%
FNAF PS Security Puppet
18%
No matching quizzes found
Score Distribution
Percent of People with Each Score
Percentile by Number Answered
Your Score History
You have not taken this quiz